• 首页
  • 本馆介绍
  • 公告通知
  • 最新文献
  • 馆藏检索
  • 电子资源
  • 读者导购
  • 参考咨询
  • 我的图书馆
  • 登录
  • 详细信息显示
  • 放入我的书架
  • 预约/预借图书
  • 作者相关作品
  • 分类相关作品
  • 丛书相关作品
  • 出版社相关作品

书目信息

  • 表格格式
  • 工作单格式
  • 卡片格式
题名:
钢铁厂热工仪表自动化
    
 
作者: ;太原钢铁公司 编
分册:  
出版信息: 北京   冶金工业出版社  1978
页数: 629页
开本: 26cm
丛书名:
单 册:
中图分类: TH812
科图分类:
主题词: 热工仪表
电子资源:
ISBN:
000 00637nam0 2200217 45
001 0178001475
005 20060227162645.10
010    @dCNY3.15
091    @a15062.3330
100    @a19950801d1978 em y0chiy0121 ea
101 0  @achi
102    @aCN@b110000
105    @ay z 000yy
200 10 @a钢铁厂热工仪表自动化@Agang tie chang re gong yi biao zi dong hua@f太原钢铁公司编@Ftai yuan gang tie gong si bian
210    @a北京@c冶金工业出版社@d1978
215    @a629页@d26cm
606 0  @a热工仪表
690    @aTH812@v3
711 02 @a太原钢铁公司@Atai yuan gang tie gong si@4编
801  0 @aCN@bTSSF@c20060227
905    @a10447@dTH812@e1
    
    钢铁厂热工仪表自动化/太原钢铁公司编.-北京:冶金工业出版社,1978
    629页;26cm
    
    
    ISBN :CNY3.15
    
●
相关链接 在E读中查询图书 在五车中查询图书 在当当中查询图书 在豆瓣中查询图书


正题名:钢铁厂热工仪表自动化     索取号:TH812/1         预约/预借

序号 登录号 条形码 馆藏地/架位号 状态 备注
1 0002608   202199067   密集书库/ [索取号:TH812/1] 在馆    
唐山师范学院图书馆 欢迎您!
大连网信软件有限公司© 版权所有